MARC details
| 000 -LEADER |
| fixed length control field |
03268cam a22004814a 4500 |
| 001 - CONTROL NUMBER |
| control field |
muse56196 |
| 003 - CONTROL NUMBER IDENTIFIER |
| control field |
MdBmJHUP |
| 005 - DATE AND TIME OF LATEST TRANSACTION |
| control field |
20210127151124.0 |
| 006 - FIXED-LENGTH DATA ELEMENTS--ADDITIONAL MATERIAL CHARACTERISTICS |
| fixed length control field |
m o d |
| 007 - PHYSICAL DESCRIPTION FIXED FIELD--GENERAL INFORMATION |
| fixed length control field |
cr||||||||nn|n |
| 008 - FIXED-LENGTH DATA ELEMENTS--GENERAL INFORMATION |
| fixed length control field |
161011r20162015sa o 00 0 eng d |
| 020 ## - INTERNATIONAL STANDARD BOOK NUMBER |
| International Standard Book Number |
9781928331025 |
| 020 ## - INTERNATIONAL STANDARD BOOK NUMBER |
| International Standard Book Number |
1928331025 |
| 020 ## - INTERNATIONAL STANDARD BOOK NUMBER |
| Canceled/invalid ISBN |
9781928331018 |
| 035 ## - SYSTEM CONTROL NUMBER |
| System control number |
(OCoLC)960978140 |
| 040 ## - CATALOGING SOURCE |
| Original cataloging agency |
MdBmJHUP |
| Transcribing agency |
MdBmJHUP |
| 050 #4 - LIBRARY OF CONGRESS CALL NUMBER |
| Classification number |
LB14.7 |
| Item number |
.H843 2015 |
| 100 1# - MAIN ENTRY--PERSONAL NAME |
| Personal name |
Hugo, Wayne, |
| Dates associated with a name |
1964- |
| Relator term |
author. |
| 245 10 - TITLE STATEMENT |
| Title |
Boundaries of the Educational Imagination |
| Statement of responsibility, etc. |
Wayne Hugo. |
| 264 #1 - PRODUCTION, PUBLICATION, DISTRIBUTION, MANUFACTURE, AND COPYRIGHT NOTICE |
| Name of producer, publisher, distributor, manufacturer |
Project Muse, |
| 264 #3 - PRODUCTION, PUBLICATION, DISTRIBUTION, MANUFACTURE, AND COPYRIGHT NOTICE |
| Name of producer, publisher, distributor, manufacturer |
Project MUSE, |
| 300 ## - PHYSICAL DESCRIPTION |
| Extent |
1 online resource (v, 176 pages) : |
| Other physical details |
illustrations, map |
| 500 ## - GENERAL NOTE |
| General note |
Issued as part of book collections on Project MUSE. |
| 504 ## - BIBLIOGRAPHY, ETC. NOTE |
| Bibliography, etc. note |
Includes bibliographical references (pages 168-171). |
| 505 0# - FORMATTED CONTENTS NOTE |
| Formatted contents note |
Introduction -- 1. All the schools of the world -- 2. Unpacking classrooms -- 3. How the ‘brain' learns -- 4. Charting the space between demons and angels -- 5. History of the world in a child -- 6. From one-world classroom to one learning sequence -- 7. Conclusion: exercising the educational imagination. |
| 506 0# - RESTRICTIONS ON ACCESS NOTE |
| Terms governing access |
Open Access |
| Standardized terminology for access restriction |
Unrestricted online access |
| Source of term |
star |
| 520 ## - SUMMARY, ETC. |
| Summary, etc. |
The educational imagination is the capacity to think critically beyond our located, daily experiences of education. It breaks away from the immediacy of personal understanding by placing education within wider, deeper and longer contexts. Boundaries of the Educational Imagination develops the educational imagination by answering six questions: What happens when we expand continuously outwards from one school to all the schools of the world?; What happens if we go inside a school and explore how its material equipment has changed over the past 300 years?; What is the smallest educational unit in our brain and how does it allow an almost infinite expansion of knowledge?; What is the highest level of individual development we can teach students to aspire towards?; What role does education play in a world that is producing more and more complex knowledge increasingly quickly?; How do small knowledge elements combine to produce increasingly complex knowledge forms? Each question goes on a journey towards limit points in education so that educational processes can be placed within a bigger framework that allows new possibilities, fresh options and more critical engagement. These questions are then pulled together into a structuring framework enabling the reader to grasp how this complex subject works. |
| 588 ## - SOURCE OF DESCRIPTION NOTE |
| Source of description note |
Description based on print version record. |
| 650 #0 - SUBJECT ADDED ENTRY--TOPICAL TERM |
| Topical term or geographic name entry element |
Education |
| General subdivision |
Philosophy. |
| 655 #0 - INDEX TERM--GENRE/FORM |
| Genre/form data or focus term |
Electronic books. |
| 655 #7 - INDEX TERM--GENRE/FORM |
| Genre/form data or focus term |
Electronic books. |
| Source of term |
local |
| 710 2# - ADDED ENTRY--CORPORATE NAME |
| Corporate name or jurisdiction name as entry element |
Project Muse, |
| Relator term |
distributor. |
| 776 18 - ADDITIONAL PHYSICAL FORM ENTRY |
| Relationship information |
Print version: |
| International Standard Book Number |
9781928331018 |
| 710 2# - ADDED ENTRY--CORPORATE NAME |
| Corporate name or jurisdiction name as entry element |
Project Muse. |
| Relator term |
distributor |
| 830 #0 - SERIES ADDED ENTRY--UNIFORM TITLE |
| Uniform title |
Book collections on Project MUSE. |
| 856 40 - ELECTRONIC LOCATION AND ACCESS |
| Public note |
Full text available: |
| Uniform Resource Identifier |
<a href="https://muse.jhu.edu/book/48268/">https://muse.jhu.edu/book/48268/</a> |
| 945 ## - LOCAL PROCESSING INFORMATION (OCLC) |
| a |
Project MUSE - 2016 Complete |
| 945 ## - LOCAL PROCESSING INFORMATION (OCLC) |
| a |
Project MUSE - 2016 Philosophy and Religion |